000 00733nam a2200229Ia 4500
003 GCL
005 20240530110140.0
008 140319s9999 xx 000 0 ara d
040 _aGCL /
_cGCL
082 0 4 _a301
_bح ع
100 0 _aحسين عبدالحميد احمد رشوان
245 1 0 _aالعلم والبحث العلمى دراسة فى مناهج العلوم /
_cحسين عبدالحميد احمد رشوان
260 _a[S.N] :
_bالمكتب الجامعى الحديث ،
_c1992
300 _a211
650 0 4 _aطرق التدريس
650 0 4 _aالتعليم
650 0 4 _aالتربية
650 0 4 _aالمناهج
650 0 4 _aالتدريس
650 0 4 _aالمدرسون
942 _2ddc
_cBK
999 _c58945
_d58945